| 000 | 00701nam a22002293 4500 | ||
|---|---|---|---|
| 001 | 27956 | ||
| 003 | BD-RjUL | ||
| 005 | 20211209051224.0 | ||
| 008 | 140329s1969 nyu 000 0 und d | ||
| 035 | _a(BD-RjUL)28037 | ||
| 035 | _a(BD-RjUL) | ||
| 040 |
_aVDU _beng _cVDU _dBD-RjUL |
||
| 041 | _aeng | ||
| 082 | 0 | 4 |
_a960.072 _bMCA 1969 |
| 100 | 1 |
_aMcCall, Daniel F. _984421 |
|
| 245 | 1 | 0 |
_aAfrica in time-perspective : a discussion of historical reconstruction from unwritten sources / _cby Daniel F. McCall. |
| 250 | _aPaperback Edition | ||
| 260 |
_aNew York : _bOxford University Press, _c1969. |
||
| 300 |
_a179 p. ; _c21cm. |
||
| 650 | 0 |
_aAfrica in time-perspective _985753 |
|
| 942 |
_2ddc _cBK |
||
| 999 |
_c27956 _d27956 |
||